[Event "POL-chT 2nd League"]
[Site "Wysowa"]
[Date "2005.09.01"]
[Round "6.81"]
[White "Standowicz, Robert"]
[Black "Jurkowski, Marcin"]
[Result "1/2-1/2"]
[WhiteElo "2161"]
[BlackElo "2040"]
[PlyCount "60"]
[EventDate "2005.08.27"]
[EventType "team-swiss"]
[EventRounds "9"]
[EventCountry "POL"]
[SourceTitle "EXT 2019"]
[Source "ChessBase"]
[SourceDate "2018.10.10"]
[SourceVersion "1"]
[SourceVersionDate "2018.10.10"]
[SourceQuality "1"]
[WhiteTeam "Pawlowice GKS Pniowek 74"]
[BlackTeam "Przedwojow Debiut"]
[WhiteTeamCountry "POL"]
[BlackTeamCountry "POL"]

1. d4 Nf6 2. c4 e6 3. Nc3 d5 4. Nf3 c6 5. e3 Bd6 6. Qc2 Nbd7 7. g4 Nxg4 8. Rg1 Qf6 9. Rxg4 Qxf3 10. Rxg7 f5 11. Rg5 Qh1 12. h3 Nf6 13. Qe2 Bd7 14. Bd2 h6 15. Rg6 Kf7 16. Rg2 Rag8 17. Rxg8 Rxg8 18. 0-0-0 Rg1 19. a3 Ke7 20. c5 Bc7 21. Qe1 Bh2 22. Ne2 Rg8 23. Nc3 Be8 24. Bd3 Rg1 25. Qe2 Bh5 26. Rxg1 Bxg1 27. Qf1 Bf3 28. Ne2 Bxf2 29. Nf4 Qxf1+ 30. Bxf1 Bg3 1/2-1/2

[Event "POL-chT 2nd League"]
[Site "Wysowa"]
[Date "2005.08.31"]
[Round "5.93"]
[White "Chojnacki, Slawomir"]
[Black "Standowicz, Robert"]
[Result "0-1"]
[WhiteElo "2208"]
[BlackElo "2161"]
[PlyCount "100"]
[EventDate "2005.08.27"]
[EventType "team-swiss"]
[EventRounds "9"]
[EventCountry "POL"]
[SourceTitle "EXT 2019"]
[Source "ChessBase"]
[SourceDate "2018.10.10"]
[SourceVersion "1"]
[SourceVersionDate "2018.10.10"]
[SourceQuality "1"]
[WhiteTeam "Chroscice LZS Victoria"]
[BlackTeam "Pawlowice GKS Pniowek 74"]
[WhiteTeamCountry "POL"]
[BlackTeamCountry "POL"]

1. d4 Nf6 2. Nf3 g6 3. g3 Bg7 4. Bg2 0-0 5. 0-0 d5 6. c4 dxc4 7. Nc3 Nfd7 8. e4 Nb6 9. Be3 Bg4 10. Qd2 a5 11. h3 Bxf3 12. Bxf3 a4 13. a3 Nc6 14. Rad1 e5 15. d5 Nd4 16. Bg2 c5 17. f4 f6 18. h4 Nc8 19. fxe5 fxe5 20. Rxf8+ Bxf8 21. Rf1 Nd6 22. h5 b5 23. hxg6 hxg6 24. Qd1 Qd7 25. Rf6 Kg7 26. Qf1 Be7 27. Bh3 Qc7 28. Rf2 Rf8 29. Be6 Rxf2 30. Qxf2 Qd8 31. Ne2 Qf8 32. Nc3 Qxf2+ 33. Kxf2 Bd8 34. Bd7 Ba5 35. Bxd4 cxd4 36. Nxb5 c3 37. bxc3 dxc3 38. Nxc3 Bxc3 39. Ke3 Bb2 40. Bxa4 Bxa3 41. Bd7 Kf6 42. Bg4 Ke7 43. Bh3 Kd8 44. Kd3 Kc7 45. Be6 Kb6 46. g4 Kc7 47. Ke3 Bc1+ 48. Kf3 Kb6 49. Bg8 g5 50. Bh7 Kc5 0-1

[Event "POL-chT 2nd League"]
[Site "Wysowa"]
[Date "2005.08.29"]
[Round "3.75"]
[White "Standowicz, Robert"]
[Black "Skrzypczak, Michal"]
[Result "1/2-1/2"]
[WhiteElo "2161"]
[BlackElo "1986"]
[PlyCount "80"]
[EventDate "2005.08.27"]
[EventType "team-swiss"]
[EventRounds "9"]
[EventCountry "POL"]
[SourceTitle "EXT 2019"]
[Source "ChessBase"]
[SourceDate "2018.10.10"]
[SourceVersion "1"]
[SourceVersionDate "2018.10.10"]
[SourceQuality "1"]
[WhiteTeam "Pawlowice GKS Pniowek 74"]
[BlackTeam "Srem LKS Piast"]
[WhiteTeamCountry "POL"]
[BlackTeamCountry "POL"]

1. d4 Nf6 2. c4 e5 3. dxe5 Ng4 4. e3 d6 5. Be2 Nxe5 6. Nf3 Nbc6 7. Nd4 Be7 8. Nc3 0-0 9. Nd5 Be6 10. 0-0 Bf6 11. f4 Nd7 12. Nxc6 bxc6 13. Nxf6+ Nxf6 14. Qa4 Bd7 15. Bf3 d5 16. Qc2 Re8 17. Re1 Rb8 18. b3 Ne4 19. Bb2 Bf5 20. Qe2 Qd6 21. Rac1 a5 22. Be5 Rxe5 23. fxe5 Qxe5 24. cxd5 cxd5 25. Bxe4 Bxe4 26. Qd2 a4 27. Qc3 Qxc3 28. Rxc3 axb3 29. Rxb3 Ra8 30. Rc1 g5 31. a3 Ra7 32. Rc5 Kf8 33. Rbc3 Rb7 34. g3 h5 35. a4 Rb1+ 36. Rc1 Rb2 37. Rb5 Rg2+ 38. Kf1 Rxh2 39. Rb8+ Kg7 40. Rc2 Rh1+ 1/2-1/2

[Event "POL-chT 2nd League"]
[Site "Wysowa"]
[Date "2005.08.27"]
[Round "1.33"]
[White "Standowicz, Robert"]
[Black "Gbyl, Andrzej"]
[Result "0-1"]
[WhiteElo "2161"]
[BlackElo "2202"]
[PlyCount "118"]
[EventDate "2005.08.27"]
[EventType "team-swiss"]
[EventRounds "9"]
[EventCountry "POL"]
[SourceTitle "EXT 2019"]
[Source "ChessBase"]
[SourceDate "2018.10.10"]
[SourceVersion "1"]
[SourceVersionDate "2018.10.10"]
[SourceQuality "1"]
[WhiteTeam "Pawlowice GKS Pniowek 74"]
[BlackTeam "Krakow KKSz 1893"]
[WhiteTeamCountry "POL"]
[BlackTeamCountry "POL"]

1. d4 d5 2. c4 c6 3. Nf3 Nf6 4. Nc3 dxc4 5. a4 Bg4 6. Ne5 Bh5 7. Nxc4 e6 8. Qb3 Na6 9. e3 Nb4 10. Na2 Nxa2 11. Rxa2 Nd5 12. Bd2 a5 13. Ne5 Nb4 14. Ra1 Be7 15. Bc4 0-0 16. 0-0 Rb8 17. Bxb4 Bxb4 18. Bd3 Kh8 19. Qc2 f6 20. Nc4 Rc8 21. h3 Bf7 22. Qe2 Bg8 23. Nd2 Qe7 24. Rfc1 Rcd8 25. Nf3 Rfe8 26. Bc4 Bf7 27. Rd1 Bh5 28. e4 e5 29. dxe5 fxe5 30. Rxd8 Rxd8 31. Rd1 Rf8 32. Rd3 Bc5 33. Qd2 b6 34. Qc3 Re8 35. Qd2 h6 36. Rd7 Qf6 37. Be2 Bg6 38. Bd3 Bf7 39. Bc2 Be6 40. Rd3 Bc4 41. Rd7 Be6 42. Rd3 Rf8 43. Bb3 Bc8 44. Qc3 Ba6 45. Rd2 Kh7 46. Kh1 Bc8 47. Rd3 Re8 48. Kg1 Qf4 49. Qe1 g5 50. Qd2 Qxd2 51. Rxd2 Kg7 52. Bc4 Kf6 53. Kf1 h5 54. Rd3 g4 55. Ng1 Ke7 56. f3 Bxg1 57. Kxg1 gxh3 58. gxh3 h4 59. Kh2 Rd8 0-1

[Event "POL-chT 2nd League"]
[Site "Polanica Zdroj"]
[Date "2004.09.04"]
[Round "1"]
[White "Palacz, Krzysztof"]
[Black "Standowicz, Robert"]
[Result "0-1"]
[WhiteElo "2108"]
[BlackElo "2164"]
[PlyCount "64"]
[EventDate "2004.09.04"]
[EventType "team-swiss"]
[EventRounds "11"]
[EventCountry "POL"]
[SourceTitle "CBM 102 Extra"]
[Source "ChessBase"]
[SourceDate "2004.11.03"]
[SourceVersion "1"]
[SourceVersionDate "2004.11.03"]
[SourceQuality "1"]
[WhiteTeam "Czestochowa Hetman"]
[BlackTeam "Pawlowice GKS Pniowek 74"]
[WhiteTeamCountry "POL"]
[BlackTeamCountry "POL"]

1. e4 c5 2. Nc3 Nc6 3. g3 g6 4. Bg2 Bg7 5. d3 e6 6. Be3 d6 7. Qd2 Rb8 8. Nge2 Ne5 9. 0-0 Ne7 10. Nc1 b5 11. Nd1 b4 12. a3 a5 13. axb4 axb4 14. c3 bxc3 15. bxc3 N5c6 16. Bh6 0-0 17. Bxg7 Kxg7 18. Ne3 e5 19. Qc2 Be6 20. Nd5 Qd7 21. Nb3 Bh3 22. Nd2 Nxd5 23. exd5 Ne7 24. c4 Bf5 25. Ra6 Rb4 26. Rfa1 Rfb8 27. Be4 Rb2 28. Qc3 Nc8 29. R1a2 R2b7 30. Nf1 Bh3 31. Bg2 Qf5 32. Qc2 h5 0-1

[Event "POL-chT 2nd League"]
[Site "Wysowa"]
[Date "2003.09.13"]
[Round "10"]
[White "Standowicz, Robert"]
[Black "Ozog, Leon"]
[Result "1-0"]
[WhiteElo "2150"]
[BlackElo "2193"]
[PlyCount "57"]
[EventDate "2003.09.06"]
[EventType "team-swiss"]
[EventRounds "11"]
[EventCountry "POL"]
[SourceTitle "CBM 096 Extra"]
[Source "ChessBase"]
[SourceDate "2003.10.22"]
[SourceVersion "2"]
[SourceVersionDate "2003.10.20"]
[SourceQuality "1"]
[WhiteTeam "Pawlowice GKS Pniowek 74"]
[BlackTeam "Bytom Szombierki"]
[WhiteTeamCountry "POL"]
[BlackTeamCountry "POL"]

1. d4 d5 2. c4 c6 3. Nf3 Bg4 4. Ne5 Bh5 5. cxd5 Qxd5 6. Nc3 Qd8 7. f3 e6 8. e4 Nf6 9. Be3 Nbd7 10. Nxd7 Qxd7 11. Be2 Bb4 12. 0-0 0-0 13. a3 Ba5 14. Na4 h6 15. Qc2 Rac8 16. Rfd1 Rfd8 17. b4 Bb6 18. Nc5 Qe7 19. a4 a6 20. a5 Ba7 21. Bf4 Rxd4 22. Rxd4 e5 23. Rd3 exf4 24. Rad1 Bg6 25. Kh1 Bb8 26. Qd2 Re8 27. Rd8 Kf8 28. Nd7+ Nxd7 29. Qxd7 1-0

[Event "POL-chT 2nd League"]
[Site "Wysowa"]
[Date "2003.09.11"]
[Round "8"]
[White "Standowicz, Robert"]
[Black "Sobczak, Miroslaw"]
[Result "1-0"]
[WhiteElo "2150"]
[BlackElo "2049"]
[PlyCount "93"]
[EventDate "2003.09.06"]
[EventType "team-swiss"]
[EventRounds "11"]
[EventCountry "POL"]
[SourceTitle "CBM 096 Extra"]
[Source "ChessBase"]
[SourceDate "2003.10.22"]
[SourceVersion "2"]
[SourceVersionDate "2003.10.20"]
[SourceQuality "1"]
[WhiteTeam "Pawlowice GKS Pniowek 74"]
[BlackTeam "Glogow MOK Chrobry"]
[WhiteTeamCountry "POL"]
[BlackTeamCountry "POL"]

1. d4 Nf6 2. c4 c5 3. Nf3 cxd4 4. Nxd4 e5 5. Nb5 d5 6. cxd5 Bc5 7. N5c3 0-0 8. e3 e4 9. Nd2 Qe7 10. Be2 Rd8 11. Qa4 Bf5 12. g4 Nxg4 13. Bxg4 Bxg4 14. Qxe4 Qxe4 15. Ndxe4 Bb4 16. Bd2 Bf3 17. Rg1 Bxe4 18. Nxe4 Bxd2+ 19. Kxd2 Rxd5+ 20. Ke2 Rb5 21. b3 Nc6 22. Rad1 Rd8 23. Rxd8+ Nxd8 24. Rd1 Ne6 25. Rd7 Ra5 26. a4 b6 27. Rb7 h6 28. Nd6 Rd5 29. Nc8 Nc5 30. Rxa7 Rh5 31. b4 Ne4 32. Kf3 Nd2+ 33. Ke2 Ne4 34. Nxb6 Rxh2 35. Kf3 f5 36. Kf4 Rxf2+ 37. Ke5 Nc3 38. Nc8 Ra2 39. a5 Ra4 40. Ne7+ Kh8 41. Rb7 Nd1 42. Kxf5 Ra2 43. e4 Nc3 44. Ng6+ Kh7 45. Nf8+ Kg8 46. Ne6 Rf2+ 47. Ke5 1-0

[Event "POL-chT 2nd League"]
[Site "Wysowa"]
[Date "2003.09.09"]
[Round "5"]
[White "Karbowiak, Adam"]
[Black "Standowicz, Robert"]
[Result "1/2-1/2"]
[WhiteElo "2279"]
[BlackElo "2150"]
[PlyCount "106"]
[EventDate "2003.09.06"]
[EventType "team-swiss"]
[EventRounds "11"]
[EventCountry "POL"]
[SourceTitle "CBM 096 Extra"]
[Source "ChessBase"]
[SourceDate "2003.10.22"]
[SourceVersion "2"]
[SourceVersionDate "2003.10.20"]
[SourceQuality "1"]
[WhiteTeam "Znin Baszta"]
[BlackTeam "Pawlowice GKS Pniowek 74"]
[WhiteTeamCountry "POL"]
[BlackTeamCountry "POL"]

1. Nf3 Nf6 2. g3 g6 3. Bg2 Bg7 4. c4 0-0 5. 0-0 d5 6. cxd5 Nxd5 7. Nc3 Nb6 8. d3 Nc6 9. Be3 h6 10. a4 a5 11. Nd2 Nd4 12. Nb3 e5 13. Nb5 Nxb3 14. Qxb3 Be6 15. Qc2 c6 16. Na3 f5 17. Rfd1 Kh7 18. Nc4 Nxc4 19. dxc4 Qc7 20. Qb3 Qf7 21. Rac1 Rfd8 22. Rxd8 Rxd8 23. Qb6 Rd7 24. b3 f4 25. Bc5 Rd2 26. Re1 Qf5 27. e4 fxe3 28. Bxe3 Rb2 29. h3 Qc2 30. Qxb7 Rxb3 31. Qxc6 Qxc4 32. Qxc4 Bxc4 33. Rc1 Bd3 34. Rc5 e4 35. Rxa5 g5 36. Ra7 Kg8 37. a5 Ra3 38. Kh2 Bc3 39. Bb6 Ra1 40. Bh1 Ra3 41. a6 Rxa6 42. Rxa6 Bxa6 43. Bxe4 Bc8 44. Bg2 Kg7 45. Bc7 Bf6 46. g4 Be6 47. Kg3 Ba2 48. f4 gxf4+ 49. Kxf4 Bf7 50. Kf3 Ba2 51. Kg3 Bd4 52. h4 Bb3 53. Bd6 Ba2 1/2-1/2

[Event "POL-chT 2nd League"]
[Site "Wysowa"]
[Date "2003.09.06"]
[Round "1"]
[White "Lisowski, Krzysztof"]
[Black "Standowicz, Robert"]
[Result "1-0"]
[WhiteElo "2244"]
[BlackElo "2150"]
[PlyCount "73"]
[EventDate "2003.09.06"]
[EventType "team-swiss"]
[EventRounds "11"]
[EventCountry "POL"]
[SourceTitle "CBM 096 Extra"]
[Source "ChessBase"]
[SourceDate "2003.10.22"]
[SourceVersion "2"]
[SourceVersionDate "2003.10.20"]
[SourceQuality "1"]
[WhiteTeam "Ostroda Kormoran"]
[BlackTeam "Pawlowice GKS Pniowek 74"]
[WhiteTeamCountry "POL"]
[BlackTeamCountry "POL"]

1. e4 c5 2. c3 Nf6 3. e5 Nd5 4. d4 cxd4 5. cxd4 Nc6 6. Nf3 d6 7. Bc4 Nb6 8. Bb5 Bd7 9. exd6 exd6 10. 0-0 Be7 11. Nc3 0-0 12. d5 Nb4 13. Bxd7 Qxd7 14. Qb3 Nd3 15. Be3 Nc5 16. Bxc5 dxc5 17. Rfe1 Bd6 18. Rad1 Rfe8 19. Ne4 Rad8 20. Qc2 Rc8 21. Nfg5 f5 22. Nxd6 Qxd6 23. Qxf5 Rxe1+ 24. Rxe1 Qg6 25. Qxg6 hxg6 26. Re7 Rd8 27. Rxb7 Nxd5 28. Rxa7 Re8 29. h4 Nf4 30. Rc7 Nd3 31. b3 Rf8 32. Ne6 Rxf2 33. Rc8+ Kf7 34. Rf8+ Kxe6 35. Rxf2 Nxf2 36. Kxf2 Kd5 37. Ke3 1-0